• 首页
  • 本馆介绍
  • 公告通知
  • 最新文献
  • 馆藏检索
  • 电子资源
  • 读者导购
  • 参考咨询
  • 我的图书馆
  • 登录
  • 详细信息显示
  • 放入我的书架
  • 预约/预借图书
  • 作者相关作品
  • 分类相关作品
  • 丛书相关作品
  • 出版社相关作品

书目信息

  • 表格格式
  • 工作单格式
  • 卡片格式
题名:
大秦帝国
    
 
作者: 姜若木 编著
分册:  
出版信息: 北京   中国文史出版社  2019
页数: 261页
开本: 24cm
丛书名:
单 册:
中图分类: K233.09
科图分类:
主题词: 中国历史--zhong guo li shi--秦代--普及读物
电子资源:
ISBN: 978-7-5205-0763-9
000 00807nam0 2200241 450
001 2160507054
005 20210926145303.0
010    @a978-7-5205-0763-9@dCNY48.00
100    @a20191105d2019 em y0chiy50 ea
101 0  @achi
102    @aCN@b110000
105    @aab z 000yy
106    @ar
200 1  @a大秦帝国@Ada qin di guo@f姜若木编著
210    @a北京@c中国文史出版社@d2019
215    @a261页@c图, 照片,书影,地图@d24cm
300    @a述说历代春秋
330    @a本书作者以丰富的历史知识为基础,从文学和史学的角度,对秦代历史上存在过的人物做了解析,对重大的历史问题进行了辨析,提出了不少有价值的见解。
606 0  @a中国历史@Azhong guo li shi@z秦代@j普及读物
690    @aK233.09@v5
701  0 @a姜若木@Ajiang ruo mu@4编著
801  0 @aCN@b百万庄@c20210926
905    @b1300551-54@dK233.09@e112@f4
    
    大秦帝国/姜若木编著.-北京:中国文史出版社,2019
    261页:图, 照片,书影,地图;24cm
    述说历代春秋
    
    ISBN 978-7-5205-0763-9:CNY48.00
    本书作者以丰富的历史知识为基础,从文学和史学的角度,对秦代历史上存在过的人物做了解析,对重大的历史问题进行了辨析,提出了不少有价值的见解。
●
相关链接 在E读中查询图书 在五车中查询图书 在当当中查询图书 在豆瓣中查询图书


正题名:大秦帝国     索取号:K233.09/112         预约/预借

序号 登录号 条形码 馆藏地/架位号 状态 备注
1 1300551   213005512   第二样本阅览室/ [索取号:K233.09/112] 在馆    
2 1300552   213005521   第二借阅区/ [索取号:K233.09/112] 在馆    
3 1300553   213005530   第二借阅区/ [索取号:K233.09/112] 在馆    
4 1300554   213005549   第二借阅区/ [索取号:K233.09/112] 在馆    
唐山师范学院图书馆 欢迎您!
大连网信软件有限公司© 版权所有